| 000 | 02690cam a22004098i 4500 | ||
|---|---|---|---|
| 999 |
_c535016 _d535016 |
||
| 001 | 21103021 | ||
| 003 | NUST | ||
| 005 | 20200827100658.0 | ||
| 008 | 190726s2020 enk b 001 0 eng | ||
| 010 | _a 2019028081 | ||
| 020 |
_a9781138329218 _q(hardback) |
||
| 020 |
_a9781138329225 _q(paperback) |
||
| 020 |
_z9780429448270 _q(ebook) |
||
| 038 | _aMSOHAIL | ||
| 040 |
_aDLC _beng _erda _cDLC |
||
| 042 | _apcc | ||
| 050 | 0 | 0 |
_aTD346 _b.W28 2020 |
| 082 | 0 | 0 |
_a333.91 HOL _223 |
| 245 | 0 | 0 |
_aWater resources : _ban integrated approach / _cJoseph Holden. |
| 250 | _aSecond edition. | ||
| 263 | _a1912 | ||
| 264 | 1 |
_aAbingdon, Oxon ; _aNew York : _bRoutledge, _c2020. |
|
| 300 | _apages cm | ||
| 336 |
_atext _btxt _2rdacontent |
||
| 337 |
_aunmediated _bn _2rdamedia |
||
| 338 |
_avolume _bnc _2rdacarrier |
||
| 504 | _aIncludes bibliographical references and index. | ||
| 505 | 0 | _aWater fundamentals / Joseph Holden -- The changing water cycle / Stephen Sitch and Frances Drake -- River basin hydrology / Joseph Holden -- Surface water quality / Pippa J. Chapman, Paul Kay, Gordon Mitchell and Colin S. Pitts -- Groundwater / L. Jared West and Sumit Sinha -- Aquatic ecosystems / Lee E. Brown, Colin S. Pitts, Alison M. Dunn and Christopher Hassall -- Water and health / Rebecca J. Slack -- Potable water and wastewater treatment / Nigel J. Horan -- Water demand planning and management / Adrian T. McDonald and Gordon Mitchell -- Water economics / Sonja S. Teelucksingh, Nesha C. Beharry-Borg, Yixin Hu, Zhao Zeng and Dabo Guan -- Water conflict, law and governance / Anamika Barua and Kitriphar Tongper Virtual water / Martin R. Tillotson, Dabo Guan and Xu Zhao -- The future of water / Joseph Holden. | |
| 520 |
_a"The second edition provides students with a comprehensive overview of natural processes associated with water and the modifications of these processes by humans through climate change and land management, water-related health issues, engineering approaches to water and socio-economic processes of huge importance to water resources. The book contains chapters written by 24 specialist contributors, providing expert depth of coverage to topics. It will be an indispensable guide to undergraduates studying Water Resources and Management, Geography of Water, and Water in the Environment"-- _cProvided by publisher. |
||
| 650 | 0 |
_aWater supply. _929491 |
|
| 650 | 0 |
_aWater resources development. _929492 |
|
| 650 | 0 |
_aWater security. _929493 |
|
| 700 | 1 |
_aHolden, Joseph, _d1975- _eeditor of compilation. _929494 |
|
| 906 |
_a7 _bcbc _corignew _d1 _eecip _f20 _gy-gencatlg |
||
| 942 |
_2ddc _cBK |
||